Poetry: Love Song of J. Alfred Prufrock - Statistics

General Stats
  • This quiz has been taken 43 times
  • The average score is 11 of 16
Answer Stats
Video Game % Correct
Let us go then, {you} and I,
100%
Of restless {nights}
88%
with oyster-{shells}:
85%
Talking of {Michelangelo}.
80%
upon a {table};
80%
in one-night cheap {hotels}
78%
Let us go, through certain half-deserted {streets},
78%
the {women} come and go
78%
Like a patient {etherized}
73%
In the {room}
71%
When the {evening} is spread out against the sky
61%
Streets that follow like a tedious {argument}
59%
Let us go and make our {visit}.
54%
Of insidious {intent}
54%
To lead you to an {overwhelming} question...
51%
And sawdust {restaurants}
44%
No matching quizzes found
Score Distribution
Percent of People with Each Score
Percentile by Number Answered
Your Score History
You have not taken this quiz